| 000 | 00465nam a2200181Ia 4500 | ||
|---|---|---|---|
| 005 | 20230708094744.0 | ||
| 008 | 131103s9999 xx 000 0 und d | ||
| 040 | _aLoreto College | ||
| 041 | _aEnglish | ||
| 082 |
_a951.04 _bCHI |
||
| 100 | _aCh'ien,Hsiao | ||
| 245 |
_aChina but not Cathay _cHsiao Ch'ien |
||
| 260 |
_aLondon _bThe Pilot Press _c1942 |
||
| 300 |
_aviii,135 p. _b ill. |
||
| 650 | _aChina - History,1914 - 1949 | ||
| 850 | _aLCLIB | ||
| 942 | _cBK | ||
| 999 |
_c8014 _d58493 |
||